000 01044nas a2200361 4500
001 BR0205570
003 BR-BrBNA
005 20231205103358.0
007 ta
008 230509b bl.|||p| |||| 00| 00por d
040 _aBR-BrBNA
_bpor
_cBiblioteca Nacional de Agricultura
041 _a(Pt)
072 _aP35; H60
100 1 _aQueiroga, R.C.F.
100 1 _aNogueira, I.C.C.
100 1 _aBezerra Neto, F.
100 1 _aMoura, A.R.B. de
100 1 _aPedrosa, J.F.
245 1 _aUtilização de diferentes materiais como cobertura morta do solo no cultivo de pimentão
650 _aPIMENTÃO
650 _aPALHA
650 _aCOBERTURA MORTA
650 _aERVA DANINHA
650 _aCRESCIMENTO
650 _aCOMPRIMENTO
650 _aDIÂMETRO
650 _aPESO
650 _aMÉTODO ESTATÍSTICO
650 _aRIO GRANDE DO NORTE
773 0 _tHorticultura Brasileira (Brazil)
_xISSN 0102-0536
_g(Sep 2002), v. 20(3) p. 416-418
_wBR0205570
909 _a202311
_bLúcia
_c55
_dLúcia Elande
942 _2AGRIS
_n0
_cANA
999 _c172546
_d172546